000 00964cab a2200277 4500
001 ABS58398
008 090401t1998 xxu||||| |||| 00| 0 eng d
035 _a(Sirsi) u85240
041 _aeng
100 _aMarosszeky, M.
245 _aBenchmarking: a tool for lean construction
260 _c1998
350 _a0
490 _aBuilding Economist
_vMarch 1998, 4-9(6)
520 _aThe authors believe that in order for the construction industry to become a lean industry it needs to adopt benchmarking tools which can help it to compete in an increasingly universal market. Examines lean construction and benchmarking applications. Includes case studies.
650 _aAUSTRALIA
650 _aBENCHMARKING
650 _aCONSTRUCTION INDUSTRY
650 _aGLOBALISATION
650 _aLEAN CONSTRUCTION
650 _aLEAN PRODUCTION
690 _aBUILDING AND CONSTRUCTION-CONTROL
700 _aKarim, K.
942 _n0
948 _c26/03/1998
999 _c53580
_d53580